| 000 | 00580nam a22001697a 4500 | ||
|---|---|---|---|
| 005 | 20251108175521.0 | ||
| 008 | 250721s2016 xx 000 0 ara d | ||
| 082 | 1 | 4 | _a782.0095/لو |
| 100 | 1 | _aاللو، نبيل | |
| 245 | 1 | 0 | _aعود على العود : الموسيقى العربية و موقع العود فيها / |
| 264 | 1 |
_aالكويت : _bالمجلس الوطني للثقافة و الفنون، _c2016. |
|
| 300 | _a329ص. | ||
| 650 | 1 | 7 | _aالموسيقى الغنائية |
| 650 | 1 | 7 | _aالبلدان العربية |
| 942 |
_2ddc _cBK |
||
| 999 |
_c135973 _d135973 |
||